Cuadernos de trabajo comunitario 2 : (Record no. 214960)

MARC details
000 -CABECERA
campo de control de longitud fija 00959nam a2200241 a 4500
005 - FECHA Y HORA DE LA ÚLTIMA TRANSACCIÓN
campo de control 20260415145526.0
007 - CAMPO FIJO DE DESCRIPCIÓN FÍSICA--INFORMACIÓN GENERAL
campo de control de longitud fija cr |||aaaaaaa|
008 - ELEMENTOS DE LONGITUD FIJA--INFORMACIÓN GENERAL
campo de control de longitud fija 260415s2022 ck|a||||o ||| 000 0 spa d
020 ## - NÚMERO INTERNACIONAL NORMALIZADO PARA LIBROS
Número Internacional Estándar del Libro 9786287518650
040 ## - FUENTE DE LA CATALOGACIÓN
Centro catalogador/agencia de origen MX-MxUPN
Lengua de catalogación spa
Normas de descripción aacr2
041 0# - CÓDIGO DE IDIOMA
Código de lengua del texto/banda sonora o título independiente spa
100 1# - ASIENTO PRINCIPAL--NOMBRE PERSONAL
Nombre de persona Torres Rincón, Sonia Mireya
9 (RLIN) 59263
100 1# - ASIENTO PRINCIPAL--NOMBRE PERSONAL
Nombre de persona Ortiz Rojas, Karol Dayana
9 (RLIN) 59264
100 1# - ASIENTO PRINCIPAL--NOMBRE PERSONAL
Nombre de persona Giraldo, Yonatan
9 (RLIN) 59265
245 10 - MENCIÓN DE TÍTULO
Título Cuadernos de trabajo comunitario 2 :
Resto del título tejer conocimiento sobre la perspectiva de género y la prevención de violencias en entornos comunitarios y educativos
Medio [recurso electrónico en línea]
260 ## - PUBLICACIÓN, DISTRIBUCIÓN, ETC.
Lugar de publicación, distribución, etc. Bogotá, Colombia :
Nombre del editor, distribuidor, etc. Universidad Pedagógica Nacional,
Fecha de publicación, distribución, etc. 2022
300 ## - DESCRIPCIÓN FÍSICA
Extensión 1 recurso en línea (57 páginas) :
Otras características físicas ilustraciones, PDF
490 0# - MENCIÓN DE SERIE
Mención de serie Cuadernos de Trabajo Comunitario ;
Designación de volumen o secuencia 2
506 0# - NOTA DE RESTRICCIONES AL ACCESO
Limitaciones de acceso Acceso abierto
856 40 - LOCALIZACIÓN Y ACCESO ELECTRÓNICOS
Identificador Uniforme del Recurso <a href="http://hdl.handle.net/20.500.12209/18432">http://hdl.handle.net/20.500.12209/18432</a>
902 ## - ELEMENTOS DE DATOS B LOCAL, LDB (RLIN)
Creó JohanaAllegre/150426
942 ## - ELEMENTOS DE PUNTO DE ACCESO ADICIONAL (KOHA)
Fuente del sistema de clasificación o colocación Library of Congress Classification
Tipo de ítem Koha Libro Electrónico
Holdings
Estado de retiro Estado de pérdida Fuente del sistema de clasificación o colocación Estado dañado No para préstamo Código de colección Localización permanente Ubicación/localización actual Ubicación en estantería Fecha de adquisición Total de préstamos Fecha visto por última vez Identificador Uniforme del Recurso Precio válido a partir de Tipo de ítem Koha
    Library of Congress Classification     Acceso abierto Bib. Gregorio Torres Quintero Bib. Gregorio Torres Quintero En línea 15/04/2026   15/04/2026 http://hdl.handle.net/20.500.12209/18432 15/04/2026 Libro Electrónico